000
00244nam a2200097Ia 4500
005
20251222154428.0
008
251222s9999||||xx |||||||||||||| ||spa||
082
_a
REF.985.008/C76/T.XV/V.I
245
0
_a
Primer Congreso Constituyente
942
_c
LIB
999
_c
36294
_d
36294